003260000a22001330004500020001700000041000800017082001600025100001600041245004000057260003700097300001200134440004000146001000600186 a84-8280414-60 aSPA04aG 863 F282p1 aFayad, Luis10aLos parientes de Ester / Luis Fayad aBogotá, Colombia : Oveja Negra a162 Pag 0aBiblioteca de Literatura Colombiana11062